Bekannte Städte im zweiten Weltkrieg - Statistiken

Allgemein
  • Dieses Quiz wurde 61 mal gespielt
  • Das Durchschnittsergebnis liegt bei 8 aus 17
Antwortstatistiken
Hint Antwort % Korrekt
Erste Stadt, auf die eine Atombombe abgeworfen wurde Hiroshima
98%
Zweite Stadt, auf die eine Atombombe abgeworfen wurde Nagasaki
91%
Von alliierten Bombenangriffen fast vollständig zerstört Dresden
89%
Standort des größten Konzentrationslagers Auschwitz
78%
Die Schlacht um diese Stadt hatte die höchste Todesziffer von allen Stalingrad
60%
Im Blitzkrieg stark bombardiert London
47%
1941 von Japan angegriffen Pearl Harbour
47%
Von 1941-44 von der Wehrmacht belagert Leningrad
44%
Erste deutsche Stadt, die von den Alliierten eingenommen wurde Aachen
36%
Hauptstadt des nicht besetzten Frankreich Vichy
35%
Wo Mussolinis Leiche zur Schau gestellt wurde Mailand
33%
Die meisten amerikanischen Panzer wurden in dieser Stadt hergestellt Detroit
31%
Die Niederlage in dieser Schlacht begann den Rückzug der Achsenmächte aus Afrika El Alamein
18%
Bekannt durch Operation Market Garden, und wegen einer gewissen Brücke Arnheim
16%
Zentrum des Manhattan Projektes Los Alamos
16%
Schauort eines Massakers nach einer japanischen Invasion Nanking
13%
Provisorische Hauptstadt Chinas während des Krieges Chongqing
4%
Keine übereinstimmenden Quizze gefunden
Verteilung der Resultate
Anzahl Personen mit jedem Resultat
Perzentil nach korrekt beantworteten Fragen
Ihre Resultats-Entwicklung
Sie haben dieses Quiz noch nicht gespielt